| 000 | 00691nam a22001937a 4500 | ||
|---|---|---|---|
| 003 | OSt | ||
| 005 | 20250808064142.0 | ||
| 008 | 240524b |||||||| |||| 00| 0 eng d | ||
| 020 | _a9786214271450 | ||
| 040 |
_aDWC-Main Lib. _cOC |
||
| 082 | _aFil. 621.89 P788i 2023 | ||
| 100 | _aPomperada, Jake R. | ||
| 245 |
_aIntroduction to application development and emerging technologies / _cJake R. Pomperada |
||
| 260 |
_aIntramuros, Manila, Philippines : _bUnlimited Books Library and Services, _cc2023. |
||
| 300 |
_axiv, 240 pages : _billustrations ; _c26cm |
||
| 504 | _aIncludes bibliographical references. | ||
| 650 | _a1. Application Software -- Development. | ||
| 942 |
_2ddc _cBK - FIL _kFil. _n0 |
||
| 999 |
_c52 _d52 |
||